000 00485nam a22001817a 4500
003 CEME
005 20210628203413.0
008 210118b xxu||||| |||| 00| 0 eng d
020 _a0-471-67185-1
040 _cceme
082 _a658.4 LEA
100 _aGandossy, Robert, Sonnenfeld, J
_965234
245 _aLeadership and governance from the inside out
260 _aUSA
_bWILEY
_c2004
300 _aXXII, 297P
650 _aLEADERSHIP.BUSINESS ETHICS.
_965235
942 _cBK
_2ddc
999 _c573509
_d573509